La biometría

Saved in:
Bibliografiske detaljer
Hovedforfatter: Schreider, Eugene (Author)
Format: Bog
Sprog:spansk
Udgivet: Buenos Aires EUDEBA 1966
Udgivelse:2a. ed
Serier:Cuadernos de EUDEBA, 81
Fag:
Tags: Tilføj Tag
Ingen Tags, Vær først til at tagge denne postø!

MARC

LEADER 00000nam a2200000 a 4500
001 UCT1397
003 CL-VaPUC
008 960927e19660200AG |||||||||||||||||spa|d
082 0 4 |a 570.15195  |b SCH  |2 21 
100 0 |a Schreider, Eugene  |e author  |9 370252 
245 1 3 |a La biometría 
250 |a 2a. ed 
300 |a 62 p 
942 |c BK 
945 |d 19960927 00:00:00  |a cmena 
260 |a Buenos Aires  |b EUDEBA  |c 1966 
650 0 |a Biología  |9 262022 
650 7 |a FENOMENOS BIOLOGICOS  |2 CL-VaPUC  |9 357344 
650 0 |a Investigación científica  |9 259857 
650 0 |a Ciencias físicas y naturales  |9 360507 
650 0 |a Análisis estadístico  |9 269506 
583 |a last modification  |c 19960927 00:00:00  |k Rodrigo Vera 
490 0 |a Cuadernos de EUDEBA, 81 
999 |c 251929  |d 251927 
952 |0 0  |1 0  |2 ddc  |4 0  |6 570_151950000000000_SCH_1966  |7 0  |8 A  |9 271449  |a BIBCUR  |b BIBCUR  |c PAC  |d 2019-11-19  |i 1751948  |o 570.15195 SCH 1966  |p 1751948  |r 2025-04-22  |w 2019-11-19  |y BK  |k BCB